000 01157nam a2200349 c 4500
001 58462
003 CO-BoRNBP
005 20250822210618.0
007 ta
008 080420s2002 sp a0 sjr 0 s f spa d
020 _a8477024200
040 _aCO-BoRNBP
_bspa
_erda
_cCO-BoRNBP
041 1 _aspa
_heng
043 _ae-uk-en
084 _aN
100 1 _aDefoe, Daniel,
_d1661?-1731
_eaut
_960199
245 1 0 _aRobinson Crusoe /
_cDaniel Defoe ; traducido por Julio Cortázar.
250 _aPrimera edición
264 1 _aMadrid, España :
_bValdemar,
_c2002
300 _a490 páginas, 13 hojas de láminas en diferentes paginaciones :
_bilustraciones
336 _atexto
_btxt
_2rdacontent
337 _asin mediación
_bn
_2rdamedia
338 _avolumen
_bnc
_2rdacarrier
490 0 _aAvatares
521 1 _aRecomendado para un público mayor de 12 años
650 0 7 _aNaufragios en la literatura
_2lemb
_963264
650 0 4 _aNovela inglesa
_ySiglo XVII
_2LEMB
_963265
650 0 7 _aAventuras en la literatura
_2LEMB
_9492
650 0 4 _aLiteratura inglesa
_ySiglo XVII
_2LEMB
_963266
700 _aCortazar, Julio
_etrl
_915441
942 _2loc
_cBKLIT
999 _c58462
_d58462